| 000 | 00425nam a22001697a 4500 | ||
|---|---|---|---|
| 999 |
_c7780 _d7778 |
||
| 005 | 20210904134704.0 | ||
| 008 | 210325b ||||| |||| 00| 0 eng d | ||
| 020 | _a978-1841-137469 | ||
| 041 | _aeng | ||
| 082 | _a345.408 23 | ||
| 100 |
_aYIHDEGO, ZERAY _96506 |
||
| 245 | _aTHE ARMS TRADE AND INTERNATIONAL LAW | ||
| 260 |
_aUSA _bOXFORD AND PORTLAND OREGON _c2007 |
||
| 300 | _a357,p | ||
| 650 |
_aLAW _95701 |
||
| 942 | _cBK | ||